British Soap Operas - Statistics

General Stats
  • This quiz has been taken 284 times
    82 since last reset
  • The average score is 6 of 9
Answer Stats
Years Soap % Correct
1960— Coronation Street
100%
1985— Eastenders
100%
1972— Emmerdale
95%
1995— Hollyoaks
88%
1982-2003 Brookside
70%
2000-2024 Doctors
62%
1964-1988, 2001-2003 Crossroads
55%
1997-2005 Family Affairs
20%
2001-2003 Night and Day
6%
No matching quizzes found
Score Distribution
Percent of People with Each Score
Percentile by Number Answered
Your Score History
You have not taken this quiz since the last reset